[Event "Almansa op-B 6th"]
[Site "Almansa"]
[Date "2011.08.11"]
[Round "5.6"]
[White "Marco Catala, Juan Bautista"]
[Black "Talavera Garcia, Santiago"]
[Result "0-1"]
[WhiteElo "1812"]
[BlackElo "1986"]
[PlyCount "46"]
[EventDate "2011.08.09"]
[EventType "swiss"]
[EventRounds "9"]
[EventCountry "ESP"]
[SourceTitle "EXT 2024"]
[Source "ChessBase"]
[SourceDate "2023.10.10"]
[SourceVersion "1"]
[SourceVersionDate "2023.10.10"]
[SourceQuality "1"]

1. c4 e5 2. Nc3 Nc6 3. a3 g6 4. g3 Bg7 5. Bg2 d6 6. e3 Be6 7. d3 f5 8. Nge2 Nf6 9. 0-0 0-0 10. Qc2 Qd7 11. b3 d5 12. Bb2 Rad8 13. Rad1 Bf7 14. Rfe1 Qe7 15. h3 Rd7 16. cxd5 Nxd5 17. Nxd5 Bxd5 18. Bxd5+ Rxd5 19. Nc3 Rd7 20. Rd2 Rfd8 21. Red1 Bh6 22. f4 exf4 23. exf4 Nd4 0-1

[Event "ESP-chT U16"]
[Site "Benidorm"]
[Date "2010.12.05"]
[Round "2"]
[White "Meneses Gonzalez, Kevin Moises"]
[Black "Talavera Garcia, Santiago"]
[Result "0-1"]
[WhiteElo "2181"]
[BlackElo "1936"]
[PlyCount "94"]
[EventDate "2010.12.04"]
[EventType "team"]
[EventRounds "6"]
[EventCountry "ESP"]
[SourceTitle "EXT 2014"]
[Source "ChessBase"]
[SourceDate "2013.11.20"]
[SourceVersion "1"]
[SourceVersionDate "2013.11.20"]
[SourceQuality "1"]

1. e4 e6 2. d4 c5 3. Nf3 cxd4 4. Nxd4 Nf6 5. Nc3 Nc6 6. Ndb5 d6 7. Bf4 e5 8. Bg5 a6 9. Na3 b5 10. Bxf6 gxf6 11. Nd5 Be6 12. c3 f5 13. Bd3 Bg7 14. Qf3 Bxd5 15. exd5 e4 16. Qxf5 exd3 17. dxc6 Qe7+ 18. Kf1 Qe2+ 19. Kg1 0-0 20. Rf1 Rfe8 21. Nb1 Qxb2 22. g3 d2 23. Qd3 Re1 24. Nxd2 Rxf1+ 25. Kxf1 Rc8 26. Ne4 Qxa2 27. Nxd6 Rxc6 28. Nf5 Qc4 29. Ke2 Qxd3+ 30. Kxd3 Rxc3+ 31. Ke4 Bf6 32. Re1 b4 33. Kd5 h5 34. Re8+ Kh7 35. Nd6 Rd3+ 36. Kc6 b3 37. Ne4 Ba1 38. Rb8 b2 39. Kc5 Rd8 40. Rb6 Rc8+ 41. Kd5 Rc1 42. Nf6+ Kh8 43. Rb8+ Kg7 44. Nxh5+ Kh6 45. Rh8+ Kg6 46. g4 b1Q 47. Rg8+ Kh7 0-1

[Event "ESP-ch U14"]
[Site "Padron"]
[Date "2008.07.15"]
[Round "4"]
[White "Aranaz Murillo, Amalia"]
[Black "Talavera Garcia, Santiago"]
[Result "1/2-1/2"]
[WhiteElo "1959"]
[BlackElo "1777"]
[PlyCount "123"]
[EventDate "2008.07.13"]
[EventType "swiss"]
[EventRounds "9"]
[EventCountry "ESP"]
[SourceTitle "CBM 125 Extra"]
[Source "ChessBase"]
[SourceDate "2008.09.01"]
[SourceVersion "1"]
[SourceVersionDate "2008.09.01"]
[SourceQuality "1"]

1. Nf3 Nf6 2. c4 g6 3. Nc3 Bg7 4. e4 d6 5. d4 0-0 6. Be2 e5 7. d5 a5 8. Bg5 h6 9. Bh4 Na6 10. Nd2 Qe8 11. 0-0 Nh7 12. a3 Bd7 13. Kh1 h5 14. f3 Bh6 15. b3 Be3 16. Qc2 Kh8 17. Rae1 Bc5 18. Qc1 f5 19. exf5 gxf5 20. Bf2 Bxf2 21. Rxf2 Rg8 22. Rg1 Rg7 23. Nf1 Qg6 24. f4 Nf6 25. Qb1 Nc5 26. Nd2 c6 27. dxc6 bxc6 28. fxe5 dxe5 29. b4 axb4 30. axb4 Rb8 31. Rff1 Ng4 32. Nf3 e4 33. Nh4 Qf6 34. Bxg4 Rxg4 35. Qe1 Nd3 36. Qe3 Rxh4 37. Nxe4 Rxe4 38. Qxe4 fxe4 39. Rxf6 e3 40. h3 e2 41. Rd6 e1Q 42. Rxe1 Nxe1 43. Rxd7 Rxb4 44. Rd4 Kg7 45. Rh4 Kg6 46. Re4 Nd3 47. Re6+ Kf5 48. Rxc6 Ne5 49. Rc5 Kf4 50. Kh2 Rxc4 51. Ra5 h4 52. Ra8 Rc2 53. Rf8+ Ke4 54. Kg1 Rc1+ 55. Kh2 Rc2 56. Kg1 Ng6 57. Rg8 Nf4 58. Rg4 Ke3 59. Kh2 Ra2 60. Kh1 Rb2 61. Kh2 Rc2 62. Kh1 1/2-1/2

[Event "Benidorm U16 op"]
[Site "Benidorm"]
[Date "2006.12.07"]
[Round "4"]
[White "Talavera Garcia, Santiago"]
[Black "Alcaraz Ortega, Javier"]
[Result "1/2-1/2"]
[WhiteElo "1680"]
[BlackElo "2031"]
[PlyCount "79"]
[EventDate "2006.12.05"]
[EventType "swiss"]
[EventRounds "7"]
[EventCountry "ESP"]
[SourceTitle "CBM 115 Extra"]
[Source "ChessBase"]
[SourceDate "2007.01.10"]
[SourceVersion "1"]
[SourceVersionDate "2007.01.10"]
[SourceQuality "1"]

1. d4 d5 2. Bf4 c6 3. e3 Nf6 4. c4 a6 5. Nc3 b5 6. cxb5 cxb5 7. Qb3 Nc6 8. Nf3 Bf5 9. Rc1 Rc8 10. h3 Na5 11. Qd1 Nc4 12. Bxc4 Rxc4 13. Ne5 Rc8 14. g4 Be6 15. f3 g6 16. Kf2 Bg7 17. b4 0-0 18. a4 Qb6 19. axb5 axb5 20. Qe2 Rc4 21. Nxc4 dxc4 22. Be5 Nd5 23. Nxd5 Bxd5 24. Bxg7 Kxg7 25. h4 f6 26. Rhd1 Qd6 27. e4 Bc6 28. Qe1 Qh2+ 29. Ke3 g5 30. h5 f5 31. d5 f4+ 32. Kd4 Qb2+ 33. Qc3 Qf2+ 34. Ke5 Bd7 35. Rd4 Ra8 36. Rc2 Qg1 37. Rc1 Qf2 38. Rc2 Qf1 39. Rc1 Qf2 40. Rc2 1/2-1/2